О самом себе. Где ты был, Адам? Рассказы. Бильярд в половине десятого. Глазами клоуна. Письмо моим сыновьям, или четыре велосипеда: пер. с нем.

التفاصيل البيبلوغرافية
المؤلف الرئيسي: Бёлль Г. Генрих
اللغة:الروسية
منشور في: Москва, АСТ, 2004
سلاسل:Золотой фонд мировой классики
الموضوعات:
التنسيق: MixedMaterials كتاب
KOHA link:https://koha.lib.tpu.ru/cgi-bin/koha/opac-detail.pl?biblionumber=66983

MARC

LEADER 00000nam0a2200000 4500
001 66983
005 20231031073212.0
010 |a 517021698X 
035 |a (RuTPU)RU\TPU\book\71336 
090 |a 66983 
100 |a 20040910d2004 m y0rusy50 ca 
101 1 |a rus  |c ger 
102 |a RU 
105 |a y z 000ay 
200 1 |a О самом себе. Где ты был, Адам? Рассказы. Бильярд в половине десятого. Глазами клоуна. Письмо моим сыновьям, или четыре велосипеда  |e пер. с нем.  |f Г. Бёлль 
210 |a Москва  |c АСТ  |d 2004 
215 |a 731 с. 
225 1 |a Золотой фонд мировой классики 
610 1 |a немецкая литература 
610 1 |a повести 
610 1 |a рассказы 
675 |a 83  |v 3 
700 1 |a Бёлль  |b Г.  |g Генрих 
801 1 |a RU  |b 63413507  |c 20040910  |g PSBO 
801 2 |a RU  |b 63413507  |c 20151106  |g PSBO 
942 |c BK